00729nam a2200205 i 4500001000700000003000900007007000300016008004100019080004700060080003700107100002100144245009500165260004000260300002100300490005100321600002600372600004300398830005100441852003100492146865ES-MaACLt|070918s1955 mx ||||1| spa d a929 Garcés, Julián. Obispo de Tlaxcala a929 Betanzos, Domingo de (O. P.)1 aTrueba, Alfonso.10aDos libertadores b: Fray Julián Garcés y Fray Domingo de Betanzos / cAlfonso Trueba. aMéxico : bEd. Campeador, c1955. a64 p. ; c24 cm.1 aFiguras y episodios de la historia de México14aBetanzos, Domingo de.04aGarcés, Julián, dm. 1542 ó 15430 aFiguras y episodios de la historia de México aES-MaACLjE-9898 bR.94203